000
00274nam a2200109Ia 4500
008
190216s9999||||xx |||||||||||||| ||und||
100
_a
Sankara Prasad Roy
245
0
_a
Advanced Costing Problems
260
_b
Icwa London Research Publications
300
_a
232p
942
_c
BK
999
_c
4452
_d
4452